Pierwiastki Chemiczne Kl. 7 - Statystyki

Ogólne statystyki
  • Ten quiz został rozwiązany 338 razy
  • Średni wynik to 22 z 27
Statystyki odpowiedzi
Symbol Pierwiastek % Poprawnych
O Tlen
95%
Mg Magnez
94%
C Węgiel
94%
H Wodór
93%
N Azot
91%
Br Brom
91%
S Siarka
91%
P Fosfor
90%
Fe Żelazo
90%
Au Złoto
90%
He Hel
88%
Ag Srebro
87%
Cu Miedź
86%
Ba Bar
84%
Cl Chlor
82%
Na Sód
82%
Si Krzem
80%
Pb Ołów
80%
Ca Wapń
79%
Zn Cynk
78%
Hg Rtęć
77%
Al Glin
76%
F Fluor
72%
Ar Argon
69%
Ne Neon
69%
Xe Ksenon
66%
Kr Krypton
61%
Nie znaleziono quizów pasujących do podanych kryteriów
Rozkład punktacji
Procent ludzi z każdym wynikiem
Percentyl według liczby udzielonych odpowiedzi
Twoja historia wyników
Nie rozwiązałeś tego quizu